[Event "WchT Seniors 65"]
[Site "Rhodes"]
[Date "2019.04.24"]
[Round "9.6"]
[White "Kristinsson, Jon"]
[Black "Grevlund, Per"]
[Result "1-0"]
[WhiteElo "2094"]
[BlackElo "1998"]
[PlyCount "79"]
[EventDate "2019.04.16"]
[EventType "team-swiss"]
[EventRounds "9"]
[EventCountry "GRE"]
[SourceTitle "CBM 190 Extra"]
[Source "ChessBase"]
[SourceDate "2019.07.15"]
[SourceVersion "1"]
[SourceVersionDate "2019.07.15"]
[SourceQuality "1"]
[WhiteTeam "Iceland II"]
[BlackTeam "Norresundby"]
[WhiteTeamCountry "ISL"]
[BlackTeamCountry "DEN"]

1. d4 d5 2. c4 e6 3. Nc3 c6 4. e4 dxe4 5. Nxe4 Bb4+ 6. Nc3 Nf6 7. Nf3 Nbd7 8. Bd3 0-0 9. 0-0 Re8 10. Bg5 Be7 11. Qc2 Nf8 12. Rad1 b6 13. Rfe1 Bb7 14. Qe2 Qc7 15. Ne5 Rad8 16. Bc2 a6 17. a3 c5 18. dxc5 bxc5 19. Bf4 Qc8 20. Ne4 Nxe4 21. Bxe4 Bxe4 22. Qxe4 Rxd1 23. Rxd1 Rd8 24. Rxd8 Qxd8 25. Nd3 Qc8 26. h3 Nd7 27. Be3 Nf6 28. Qe5 Nd7 29. Qc3 Bf6 30. Qa5 Bd8 31. Qa4 Be7 32. Qa5 Bd8 33. Qc3 Bf6 34. Qc2 g6 35. b4 Be7 36. Qc3 Bf6 37. Qb3 Be7 38. b5 a5 39. b6 Qb7 40. Qb5 1-0

[Event "WchT Seniors 65"]
[Site "Rhodes"]
[Date "2019.04.22"]
[Round "7.2"]
[White "Kristinsson, Jon"]
[Black "Buchal, Stephan"]
[Result "1/2-1/2"]
[WhiteElo "2094"]
[BlackElo "2283"]
[PlyCount "60"]
[EventDate "2019.04.16"]
[EventType "team-swiss"]
[EventRounds "9"]
[EventCountry "GRE"]
[SourceTitle "CBM 190 Extra"]
[Source "ChessBase"]
[SourceDate "2019.07.15"]
[SourceVersion "1"]
[SourceVersionDate "2019.07.15"]
[SourceQuality "1"]
[WhiteTeam "Iceland II"]
[BlackTeam "Germany"]
[WhiteTeamCountry "ISL"]
[BlackTeamCountry "GER"]

1. d4 d6 2. g3 g6 3. Bg2 Bg7 4. Nf3 Nf6 5. 0-0 0-0 6. c4 Nc6 7. d5 Na5 8. Nfd2 a6 9. Nc3 c5 10. Qc2 b5 11. cxb5 axb5 12. Nxb5 Bf5 13. e4 Bc8 14. Re1 Ba6 15. Bf1 Ng4 16. h3 Ne5 17. f4 c4 18. a4 Nb3 19. Ra3 Bxb5 20. fxe5 Bxa4 21. Nxc4 Nd4 22. Qf2 dxe5 23. Be3 Bd7 24. Rxa8 Qxa8 25. Nxe5 Bxe5 26. Bxd4 Qb8 27. Kg2 Qc7 28. Bd3 Rb8 29. Re2 Rb3 30. Rd2 Rb4 1/2-1/2

[Event "ISL-chT2 1819"]
[Site "Reykjavik"]
[Date "2019.03.02"]
[Round "6.3"]
[White "Norowitz, Yaacov"]
[Black "Kristinsson, Jon"]
[Result "1-0"]
[WhiteElo "2405"]
[BlackElo "2101"]
[PlyCount "43"]
[EventDate "2018.11.09"]
[EventType "team-tourn"]
[EventRounds "7"]
[EventCountry "ISL"]
[SourceTitle "CBM 189 Extra"]
[Source "ChessBase"]
[SourceDate "2019.06.03"]
[SourceVersion "1"]
[SourceVersionDate "2019.06.03"]
[SourceQuality "1"]
[WhiteTeam "Skakfelag Selfoss"]
[BlackTeam "Skakfelag Akureyrar II"]
[WhiteTeamCountry "ISL"]
[BlackTeamCountry "ISL"]

1. d4 Nf6 2. Nf3 g6 3. e3 Bg7 4. Be2 0-0 5. 0-0 d6 6. b3 Nbd7 7. Bb2 b6 8. c4 Bb7 9. Qc2 c5 10. d5 e5 11. dxe6 fxe6 12. Nc3 Qe7 13. Rad1 Rad8 14. Ng5 Rfe8 15. f4 Nf8 16. Rd2 e5 17. f5 Ng4 18. Bxg4 Qxg5 19. Bh3 Qxe3+ 20. Rdf2 e4 21. f6 Bxf6 22. Nd1 1-0

[Event "ISL-chT2 1819"]
[Site "Reykjavik"]
[Date "2018.11.10"]
[Round "2.4"]
[White "Arnalds, Stefan"]
[Black "Kristinsson, Jon"]
[Result "0-1"]
[WhiteElo "1943"]
[BlackElo "2101"]
[PlyCount "56"]
[EventDate "2018.11.09"]
[EventType "team-tourn"]
[EventRounds "7"]
[EventCountry "ISL"]
[SourceTitle "CBM 187 Extra"]
[Source "ChessBase"]
[SourceDate "2018.11.04"]
[SourceVersion "1"]
[SourceVersionDate "2018.11.04"]
[SourceQuality "1"]
[WhiteTeam "Breidjablik Bolungavik II"]
[BlackTeam "Skakfelag Akureyrar II"]
[WhiteTeamCountry "ISL"]
[BlackTeamCountry "ISL"]

1. d4 Nf6 2. c4 g6 3. Nc3 Bg7 4. e4 d6 5. f3 0-0 6. Be3 e5 7. d5 c6 8. Qd2 a6 9. Bd3 b5 10. dxc6 bxc4 11. Bxc4 Nxc6 12. Nge2 Na5 13. Bd3 Be6 14. 0-0 d5 15. exd5 Nxd5 16. Nxd5 Bxd5 17. Rfd1 Be6 18. Qe1 Nc6 19. Bxg6 Nd4 20. Be4 Rc8 21. Nxd4 exd4 22. Qg3 Kh8 23. Bg5 Qb6 24. Qh4 f5 25. Bd3 Bc4 26. Bxc4 Rxc4 27. b3 d3+ 28. Qf2 Bd4 0-1

[Event "ISL-chT 1718"]
[Site "Reykjavik"]
[Date "2017.10.21"]
[Round "3.4"]
[White "Thorgeirsson, Sverrir"]
[Black "Kristinsson, Jon"]
[Result "1-0"]
[WhiteElo "2292"]
[BlackElo "2108"]
[PlyCount "123"]
[EventDate "2017.10.19"]
[EventType "team-tourn"]
[EventRounds "9"]
[EventCountry "ISL"]
[SourceTitle "CBM 181 Extra"]
[Source "ChessBase"]
[SourceDate "2017.12.12"]
[SourceVersion "1"]
[SourceVersionDate "2017.12.12"]
[SourceQuality "1"]
[WhiteTeam "Gardabaer"]
[BlackTeam "Akureyri II"]
[WhiteTeamCountry "ISL"]
[BlackTeamCountry "ISL"]

1. d4 Nf6 2. Nf3 g6 3. g3 Bg7 4. Bg2 0-0 5. 0-0 d6 6. c4 Nc6 7. Nc3 Bg4 8. h3 Bxf3 9. Bxf3 Nd7 10. e3 e5 11. dxe5 Ndxe5 12. Bd5 Na5 13. f4 c6 14. fxe5 cxd5 15. Qxd5 dxe5 16. b3 Qb6 17. Qg2 Rfe8 18. Nd5 Qd8 19. Bb2 Nc6 20. Rad1 f5 21. g4 Rf8 22. gxf5 Rxf5 23. Rxf5 gxf5 24. Rf1 Qh4 25. Rxf5 Rf8 26. Rxf8+ Kxf8 27. Qf2+ Qxf2+ 28. Kxf2 Kf7 29. Bc3 Ke6 30. Kf3 Kf5 31. e4+ Kg5 32. Kg3 a6 33. b4 h5 34. a4 Bf8 35. b5 axb5 36. cxb5 Nd4 37. Bxd4 exd4 38. h4+ Kg6 39. a5 Bc5 40. a6 bxa6 41. bxa6 Kf7 42. Kf3 Ke6 43. Nf4+ Kd7 44. Nxh5 Kc6 45. Nf4 Kb6 46. Nd3 Bf8 47. e5 Kxa6 48. Ke4 Kb6 49. Kxd4 Kc6 50. Ke4 Kd7 51. Kf5 Ke7 52. Nf4 Kf7 53. Ng6 Bh6 54. e6+ Ke8 55. Kf6 Bd2 56. e7 Be1 57. h5 Bd2 58. Nh4 Bc3+ 59. Ke6 Bb4 60. Nf5 Bxe7 61. Nxe7 Kf8 62. Kf6 1-0

[Event "Reykjavik op"]
[Site "Reykjavik"]
[Date "2017.04.20"]
[Round "3"]
[White "Kristinsson, Jon"]
[Black "Gopakumar, Siddharth"]
[Result "1/2-1/2"]
[WhiteElo "2166"]
[BlackElo "1826"]
[PlyCount "62"]
[EventDate "2017.04.19"]
[EventType "swiss"]
[EventRounds "10"]
[EventCountry "ISL"]
[SourceTitle "CBM 178 Extra"]
[Source "ChessBase"]
[SourceDate "2017.06.22"]
[SourceVersion "1"]
[SourceVersionDate "2017.06.22"]
[SourceQuality "1"]

1. d4 Nf6 2. c4 g6 3. Nc3 d5 4. Nf3 Bg7 5. cxd5 Nxd5 6. e4 Nxc3 7. bxc3 c5 8. Be3 Qa5 9. Qd2 cxd4 10. cxd4 Qxd2+ 11. Kxd2 0-0 12. Rc1 Nc6 13. Bb5 Rd8 14. Bxc6 bxc6 15. Rhd1 e5 16. Ke2 Ba6+ 17. Ke1 exd4 18. Nxd4 Re8 19. f3 f5 20. Rxc6 Bb7 21. Rc7 Ba6 22. Nc6 Bb5 23. Rdd7 Bf6 24. Rd6 Bb2 25. Bd4 Bxd4 26. Nxd4 a6 27. Ne6 fxe4 28. fxe4 Rac8 29. Rxc8 Rxc8 30. Rd8+ Rxd8 31. Nxd8 Bd3 1/2-1/2

[Event "ISL-chT 1617"]
[Site "Reykjavik"]
[Date "2016.10.02"]
[Round "5.3"]
[White "Kristinsson, Jon"]
[Black "Birkisson, Bjorn Holm"]
[Result "1-0"]
[WhiteElo "2155"]
[BlackElo "2019"]
[PlyCount "71"]
[EventDate "2016.09.29"]
[EventType "team-tourn"]
[EventRounds "9"]
[EventCountry "ISL"]
[SourceTitle "EXT 2018"]
[Source "ChessBase"]
[SourceDate "2017.10.13"]
[SourceVersion "1"]
[SourceVersionDate "2017.10.13"]
[SourceQuality "1"]
[WhiteTeam "Akureyri"]
[BlackTeam "Reykjavik II"]
[WhiteTeamCountry "ISL"]
[BlackTeamCountry "ISL"]

1. d4 Nf6 2. c4 e6 3. Nc3 Bb4 4. Nf3 c5 5. e3 0-0 6. Bd3 cxd4 7. exd4 d5 8. Bg5 h6 9. Bh4 dxc4 10. Bxc4 b6 11. 0-0 Bb7 12. Qe2 Nbd7 13. Ne5 Be7 14. Rad1 Nd5 15. Bxd5 exd5 16. Nc6 Bxh4 17. Nxd8 Raxd8 18. Qh5 Bg5 19. g3 g6 20. Qf3 Rfe8 21. h4 Bf6 22. Nxd5 Bxd5 23. Qxd5 Nc5 24. Qc6 Re6 25. Qc7 Red6 26. Qxd6 Rxd6 27. dxc5 Rxd1 28. Rxd1 bxc5 29. b3 Bd4 30. Kf1 Kf8 31. Ke2 Ke7 32. Rxd4 cxd4 33. Kd3 g5 34. hxg5 hxg5 35. Kxd4 Ke6 36. b4 1-0

[Event "Reykjavik op"]
[Site "Reykjavik"]
[Date "2016.03.10"]
[Round "4"]
[White "Kristinsson, Jon"]
[Black "Berg, Bo1111"]
[Result "1/2-1/2"]
[WhiteElo "2211"]
[BlackElo "1664"]
[PlyCount "75"]
[EventDate "2016.03.08"]
[EventType "swiss"]
[EventRounds "10"]
[EventCountry "ISL"]
[SourceTitle "CBM 171 Extra"]
[Source "ChessBase"]
[SourceDate "2016.04.26"]
[SourceVersion "1"]
[SourceVersionDate "2016.04.26"]
[SourceQuality "1"]

1. d4 Nf6 2. c4 e5 3. dxe5 Ng4 4. Nf3 Nc6 5. Nc3 Bb4 6. Qb3 Bc5 7. e3 Ngxe5 8. Nxe5 Nxe5 9. Be2 0-0 10. 0-0 b6 11. Ne4 Be7 12. Qc2 Bb7 13. b3 Re8 14. Bb2 Bxe4 15. Qxe4 Bf6 16. Qc2 Ng6 17. Rad1 Bxb2 18. Qxb2 Qe7 19. Rd4 Rad8 20. Rfd1 Qf6 21. Qd2 d6 22. g3 Re7 23. Bf1 Ne5 24. Bg2 Nf3+ 25. Bxf3 Qxf3 26. Rf4 Qc6 27. Rd4 Rde8 28. Rd5 Re5 29. Qd3 Qd7 30. b4 Qe7 31. a3 g6 32. Qd4 Re4 33. Qc3 Re5 34. c5 Rxd5 35. Rxd5 Qe4 36. Rd1 dxc5 37. bxc5 Qc6 38. Qc4 1/2-1/2

[Event "ISL-chT 1516"]
[Site "Reykjavik"]
[Date "2016.03.05"]
[Round "8.4"]
[White "Baldursson, Haraldur"]
[Black "Kristinsson, Jon"]
[Result "0-1"]
[WhiteElo "1984"]
[BlackElo "2239"]
[PlyCount "72"]
[EventDate "2015.09.24"]
[EventType "team-tourn"]
[EventRounds "9"]
[EventCountry "ISL"]
[SourceTitle "EXT 2017"]
[Source "ChessBase"]
[SourceDate "2016.10.25"]
[SourceVersion "1"]
[SourceVersionDate "2016.10.25"]
[SourceQuality "1"]
[WhiteTeam "The Viking"]
[BlackTeam "Akureyri"]
[WhiteTeamCountry "ISL"]
[BlackTeamCountry "ISL"]

1. d4 Nf6 2. Nf3 g6 3. Bg5 Bg7 4. Nbd2 d6 5. e4 0-0 6. Bd3 Nc6 7. c3 e5 8. d5 Ne7 9. h3 h6 10. Bxf6 Bxf6 11. g4 c6 12. c4 Bg7 13. Qe2 b5 14. dxc6 bxc4 15. Bxc4 Nxc6 16. Bd5 Bd7 17. Rc1 Rc8 18. 0-0 Qe7 19. a3 Kh8 20. Kh2 Nd4 21. Nxd4 exd4 22. f4 f5 23. gxf5 gxf5 24. Rc4 Bb5 25. Qh5 Bxc4 26. Nxc4 fxe4 27. f5 Rxc4 28. Bxc4 Qe5+ 29. Kh1 d5 30. Bb5 d3 31. Qg6 Rf6 32. Qg4 d4 33. Bd7 e3 34. Be6 e2 35. Rg1 Rf8 36. Qh4 d2 0-1

[Event "Reykjavik op"]
[Site "Reykjavik"]
[Date "2015.03.11"]
[Round "3"]
[White "Undheim, Bjarne"]
[Black "Kristinsson, Jon"]
[Result "0-1"]
[WhiteElo "1926"]
[BlackElo "2251"]
[PlyCount "82"]
[EventDate "2015.03.10"]
[EventType "swiss"]
[EventRounds "10"]
[EventCountry "ISL"]
[SourceTitle "CBM 165 Extra"]
[Source "ChessBase"]
[SourceDate "2015.04.21"]
[SourceVersion "1"]
[SourceVersionDate "2015.04.21"]
[SourceQuality "1"]

1. e4 e5 2. Nf3 Nc6 3. d4 exd4 4. Bc4 Nf6 5. e5 Ne4 6. Bd5 Nc5 7. Bxc6 dxc6 8. Qxd4 Bf5 9. c3 Nd3+ 10. Ke2 Bc5 11. Qxd8+ Rxd8 12. Bg5 Rd7 13. b4 Bxf2 14. Rd1 Bb6 15. Na3 0-0 16. Rd2 Re8 17. Nc4 f6 18. Be3 fxe5 19. Bxb6 cxb6 20. Ne3 Bg6 21. Nh4 Nf4+ 22. Ke1 Rxd2 23. Kxd2 Rd8+ 24. Ke1 Rd3 25. Nxg6 Rxe3+ 26. Kf2 Re2+ 27. Kf3 hxg6 28. g3 Rxh2 29. gxf4 exf4 30. Kxf4 Rc2 31. Kg5 Kf7 32. Rf1+ Ke6 33. Kxg6 Rxa2 34. Re1+ Kd6 35. Rd1+ Kc7 36. Kxg7 a5 37. Kf6 axb4 38. cxb4 Rb2 39. Rd4 c5 40. bxc5 bxc5 41. Rc4 Kc6 0-1

[Event "Reykjavik op"]
[Site "Reykjavik"]
[Date "2015.03.10"]
[Round "1"]
[White "Steinthorsson, Felix"]
[Black "Kristinsson, Jon"]
[Result "0-1"]
[WhiteElo "1634"]
[BlackElo "2251"]
[PlyCount "74"]
[EventDate "2015.03.10"]
[EventType "swiss"]
[EventRounds "10"]
[EventCountry "ISL"]
[SourceTitle "CBM 165 Extra"]
[Source "ChessBase"]
[SourceDate "2015.04.21"]
[SourceVersion "1"]
[SourceVersionDate "2015.04.21"]
[SourceQuality "1"]

1. d4 Nf6 2. Bg5 d6 3. Nd2 Nbd7 4. e3 g6 5. Bd3 Bg7 6. f4 e5 7. Ngf3 Qe7 8. 0-0 0-0 9. Re1 h6 10. Bh4 Re8 11. c3 Qf8 12. Bxf6 Bxf6 13. fxe5 dxe5 14. Ne4 Bg7 15. Bc4 Qe7 16. Nfd2 Kh7 17. Rf1 f5 18. Ng3 Nf6 19. h3 e4 20. Ne2 Nh5 21. Nf4 Nxf4 22. Rxf4 Bf6 23. Qe2 Bg5 24. Rff1 Be6 25. Rae1 Rad8 26. b4 b6 27. Nb3 Bxe3+ 28. Qxe3 Bxc4 29. Rf2 Qe6 30. Rb1 g5 31. g3 Rf8 32. Rbb2 Rd7 33. Nc1 Qg6 34. Kh2 Rg7 35. a3 f4 36. Qe1 e3 37. Rg2 f3 0-1

[Event "ISL-chT 1415"]
[Site "Reykjavik"]
[Date "2014.10.05"]
[Round "5.2"]
[White "Gislason, Gudmundur"]
[Black "Kristinsson, Jon"]
[Result "1/2-1/2"]
[WhiteElo "2309"]
[BlackElo "2253"]
[PlyCount "103"]
[EventDate "2014.10.02"]
[EventType "team-tourn"]
[EventRounds "9"]
[EventCountry "ISL"]
[SourceTitle "EXT 2015"]
[Source "ChessBase"]
[SourceDate "2014.11.20"]
[SourceVersion "1"]
[SourceVersionDate "2014.11.20"]
[SourceQuality "1"]
[WhiteTeam "Bolungarvik"]
[BlackTeam "Akureyri"]
[WhiteTeamCountry "ISL"]
[BlackTeamCountry "ISL"]

1. d4 Nf6 2. g3 g6 3. Bg2 Bg7 4. e4 d6 5. Ne2 0-0 6. h3 c5 7. c3 e5 8. dxc5 dxc5 9. 0-0 b6 10. Qc2 Nc6 11. Rd1 Qe7 12. Bg5 Ba6 13. Na3 Rfd8 14. Rd5 Qc7 15. Rad1 Ne7 16. Rxd8+ Rxd8 17. c4 Nc6 18. Rxd8+ Qxd8 19. Nc3 Nb4 20. Qa4 Qd7 21. Nab5 Ne8 22. a3 Bxb5 23. cxb5 h6 24. axb4 cxb4 25. Qxb4 hxg5 26. Qc4 Nc7 27. Bf1 Bf8 28. b4 Bd6 29. Kg2 Kf8 30. Nd1 Qe7 31. Qa2 Bxb4 32. Qxa7 Bc5 33. Bc4 Ne6 34. Qb8+ Qd8 35. Qxd8+ Nxd8 36. Bd5 Bd4 37. Kf3 Ke7 38. Kg4 f6 39. h4 gxh4 40. gxh4 Ne6 41. Bc6 Nf4 42. Kf3 f5 43. Ne3 Kf6 44. Bd7 Bxe3 45. fxe3 Ne6 46. Be8 Ng7 47. Bc6 Ne6 48. Kg3 Nc5 49. exf5 gxf5 50. Be8 Ne6 51. Bd7 Nc5 52. Be8 1/2-1/2

[Event "ISL-chT 1415"]
[Site "Reykjavik"]
[Date "2014.10.04"]
[Round "3.5"]
[White "Bergmann, Haukur"]
[Black "Kristinsson, Jon"]
[Result "0-1"]
[WhiteElo "2126"]
[BlackElo "2253"]
[PlyCount "138"]
[EventDate "2014.10.02"]
[EventType "team-tourn"]
[EventRounds "9"]
[EventCountry "ISL"]
[SourceTitle "EXT 2015"]
[Source "ChessBase"]
[SourceDate "2014.11.20"]
[SourceVersion "1"]
[SourceVersionDate "2014.11.20"]
[SourceQuality "1"]
[WhiteTeam "Reykjanesbaejar"]
[BlackTeam "Akureyri"]
[WhiteTeamCountry "ISL"]
[BlackTeamCountry "ISL"]

1. d4 Nf6 2. c4 g6 3. Nc3 Bg7 4. e4 d6 5. Be2 0-0 6. Bg5 c5 7. d5 h6 8. Bf4 b5 9. cxb5 a6 10. b6 Qxb6 11. Qd2 Kh7 12. h4 h5 13. Nf3 Bg4 14. Ng5+ Kg8 15. f3 Bd7 16. a4 a5 17. 0-0 Na6 18. Be3 Rab8 19. Rab1 Nc7 20. b3 Bc8 21. Na2 Na6 22. Kh2 Nh7 23. Nxh7 Kxh7 24. Qc2 e6 25. dxe6 Bxe6 26. Bc4 Rbd8 27. Rfd1 Rd7 28. Rd2 Rfd8 29. Rbd1 Nc7 30. Nc3 Na6 31. Na2 Nc7 32. Bg5 Rb8 33. Rd3 Be5+ 34. g3 Bd4 35. Be3 Bf6 36. Nc1 Rbd8 37. Ne2 Na6 38. Bxa6 Qxa6 39. Nf4 c4 40. bxc4 Bxc4 41. R3d2 Rc8 42. Rc1 Rdc7 43. Qd1 Be5 44. Nd5 Bxd5 45. Rxc7 Rxc7 46. Rxd5 Rc3 47. Bf2 Qc4 48. f4 Rc2 49. Rd2 Rc1 50. Qe2 Qxe2 51. Rxe2 Bc3 52. Ra2 f5 53. exf5 gxf5 54. Kg2 Kg6 55. Kf3 Kf7 56. Be3 Rb1 57. Rc2 Rb3 58. Ke2 Ke6 59. Kf2 d5 60. Bd2 d4 61. Bxc3 Rxc3 62. Rb2 Kd5 63. Rb5+ Rc5 64. Rb8 Kc4 65. Ke2 Kc3 66. Kd1 Rc4 67. Rb5 Rxa4 68. Rxf5 Ra1+ 69. Ke2 d3+ 0-1

[Event "Reykjavik op"]
[Site "Reykjavik"]
[Date "2014.03.12"]
[Round "10"]
[White "Kristinsson, Jon"]
[Black "Kenney, Jason"]
[Result "1-0"]
[WhiteElo "2290"]
[BlackElo "2124"]
[PlyCount "75"]
[EventDate "2014.03.04"]
[EventType "swiss"]
[EventRounds "10"]
[EventCountry "ISL"]
[SourceTitle "CBM 159 Extra"]
[Source "ChessBase"]
[SourceDate "2014.04.24"]
[SourceVersion "1"]
[SourceVersionDate "2014.04.24"]
[SourceQuality "1"]

1. d4 Nf6 2. c4 Nc6 3. Nf3 e6 4. Nc3 Bb4 5. Bg5 h6 6. Bh4 g5 7. Bg3 Ne4 8. Rc1 d5 9. e3 h5 10. h3 Nxg3 11. fxg3 Qf6 12. Bd3 Bd6 13. 0-0 Qg7 14. g4 hxg4 15. hxg4 dxc4 16. Bxc4 Bd7 17. Ne4 Be7 18. Bb5 Qh7 19. Nc5 Bxc5 20. Rxc5 f5 21. Ne1 Qh4 22. Qf3 0-0-0 23. gxf5 g4 24. Qf4 Rdf8 25. e4 e5 26. dxe5 Qe7 27. Nd3 g3 28. Qxg3 Rfg8 29. Qe3 Qh4 30. Nf4 Qh2+ 31. Kf2 Rg4 32. Ke1 Rhh4 33. e6 Be8 34. f6 Rxf4 35. f7 Bxf7 36. exf7 Rxf1+ 37. Bxf1 Qd6 38. Rf5 1-0

[Event "Reykjavik op"]
[Site "Reykjavik"]
[Date "2014.03.09"]
[Round "7"]
[White "Kristinsson, Jon"]
[Black "Hardarson, Jon Trausti"]
[Result "1-0"]
[WhiteElo "2290"]
[BlackElo "2033"]
[PlyCount "53"]
[EventDate "2014.03.04"]
[EventType "swiss"]
[EventRounds "10"]
[EventCountry "ISL"]
[SourceTitle "CBM 159 Extra"]
[Source "ChessBase"]
[SourceDate "2014.04.24"]
[SourceVersion "1"]
[SourceVersionDate "2014.04.24"]
[SourceQuality "1"]

1. d4 d5 2. c4 e6 3. Nf3 c6 4. Nc3 dxc4 5. a4 Bb4 6. e4 b5 7. Qc2 a5 8. Be2 Ne7 9. 0-0 Bxc3 10. bxc3 0-0 11. Bg5 Qc7 12. Rfd1 f6 13. Bh4 Rd8 14. Bg3 Qa7 15. Rab1 Bd7 16. h4 Be8 17. Nh2 f5 18. Bf3 fxe4 19. Bxe4 h6 20. axb5 cxb5 21. Bxa8 Qxa8 22. Qe2 Qc6 23. Re1 Nd5 24. Rbc1 Nd7 25. Qxe6+ Qxe6 26. Rxe6 N7b6 27. Rxb6 1-0

[Event "Reykjavik op"]
[Site "Reykjavik"]
[Date "2014.03.06"]
[Round "4"]
[White "Raddatz, Michael"]
[Black "Kristinsson, Jon"]
[Result "0-1"]
[WhiteElo "2044"]
[BlackElo "2290"]
[PlyCount "74"]
[EventDate "2014.03.04"]
[EventType "swiss"]
[EventRounds "10"]
[EventCountry "ISL"]
[SourceTitle "CBM 159 Extra"]
[Source "ChessBase"]
[SourceDate "2014.04.24"]
[SourceVersion "1"]
[SourceVersionDate "2014.04.24"]
[SourceQuality "1"]

1. e4 e5 2. b3 Nf6 3. d3 Nc6 4. Bb2 Bc5 5. Nf3 Ng4 6. d4 exd4 7. Bd3 d5 8. 0-0 0-0 9. exd5 Qxd5 10. Nc3 Qd8 11. Ne4 Bb6 12. Ng3 Nge5 13. Nxe5 Nxe5 14. Bxh7+ Kxh7 15. Qh5+ Kg8 16. Qxe5 Re8 17. Qf4 c5 18. Rae1 Be6 19. Ne4 Bc7 20. Qf3 Qd5 21. Bc1 b6 22. Bf4 Bxf4 23. Qxf4 Bf5 24. f3 Bg6 25. Re2 Re6 26. Rfe1 Rae8 27. Ng5 Re3 28. Rxe3 dxe3 29. h4 f6 30. Nh3 Qd2 31. Qc4+ Kh7 32. Qe2 Bxc2 33. Kh2 Bb1 34. f4 Qxe2 35. Rxe2 Bxa2 36. f5 Bxb3 37. g4 Bd1 0-1

[Event "ISL-chT 1314"]
[Site "Reykjavik"]
[Date "2014.02.28"]
[Round "7.1"]
[White "Kristinsson, Jon"]
[Black "Jensson, Einar Hjalti"]
[Result "0-1"]
[WhiteElo "2290"]
[BlackElo "2305"]
[PlyCount "80"]
[EventDate "2013.10.10"]
[EventType "team-tourn"]
[EventRounds "9"]
[EventCountry "ISL"]
[SourceTitle "EXT 2015"]
[Source "ChessBase"]
[SourceDate "2014.11.20"]
[SourceVersion "1"]
[SourceVersionDate "2014.11.20"]
[SourceQuality "1"]
[WhiteTeam "Akureyri"]
[BlackTeam "Hellir"]
[WhiteTeamCountry "ISL"]
[BlackTeamCountry "ISL"]

1. d4 Nf6 2. c4 e6 3. Nc3 Bb4 4. f3 d5 5. a3 Bxc3+ 6. bxc3 c5 7. cxd5 exd5 8. e3 Bf5 9. Bd3 Bxd3 10. Qxd3 Qa5 11. Bd2 Qa6 12. Qxa6 Nxa6 13. Ne2 Kd7 14. g4 Rac8 15. g5 Ne8 16. Nf4 Kc6 17. e4 dxe4 18. fxe4 Nd6 19. e5 Rhe8 20. 0-0 Nc4 21. Rad1 Nc7 22. Bc1 Rcd8 23. Nh5 cxd4 24. cxd4 Ne6 25. Rxf7 Nxe5 26. Rff1 Rxd4 27. Rxd4 Nxd4 28. Nxg7 Nef3+ 29. Kg2 Re2+ 30. Kg3 Rxh2 31. Rxf3 Nxf3 32. Kxf3 a5 33. Ne6 Kd5 34. Nf8 b5 35. Kg4 b4 36. axb4 axb4 37. Nxh7 Rxh7 38. g6 Rc7 39. Bf4 Rc8 40. Kf5 b3 0-1

[Event "EU-chT Seniors 06th"]
[Site "Dresden"]
[Date "2004.02.26"]
[Round "5.2"]
[White "Kristinsson, Jon"]
[Black "Reinholz, Siegfried"]
[Result "1/2-1/2"]
[WhiteElo "2322"]
[BlackElo "2135"]
[PlyCount "66"]
[EventDate "2004.02.22"]
[EventType "team-swiss"]
[EventRounds "7"]
[EventCountry "GER"]
[SourceTitle "CBM 099 Extra"]
[Source "ChessBase"]
[SourceDate "2004.05.04"]
[SourceVersion "1"]
[SourceVersionDate "2004.05.04"]
[SourceQuality "1"]
[WhiteTeam "Island"]
[BlackTeam "Sachsen Anhalt"]
[WhiteTeamCountry "ISL"]
[BlackTeamCountry "GER"]

1. d4 Nf6 2. c4 e6 3. Nc3 Bb4 4. e3 Bxc3+ 5. bxc3 c5 6. Bd3 Qa5 7. Bd2 Qc7 8. Ne2 d6 9. 0-0 Nbd7 10. e4 b6 11. Ng3 cxd4 12. cxd4 e5 13. Bb4 exd4 14. Nf5 Nc5 15. Nxd4 Bd7 16. Re1 0-0 17. Rc1 Rfe8 18. f3 Re7 19. Qd2 Rae8 20. Bc3 Kh8 21. Ne2 Ng8 22. Bb1 Be6 23. Ba1 f6 24. Red1 Rd8 25. Qf4 Bf7 26. Qh4 Nd7 27. e5 h6 28. exf6 Ndxf6 29. Nf4 Qc5+ 30. Bd4 Qg5 31. Qxg5 hxg5 32. Nd5 Nxd5 33. cxd5 Nf6 1/2-1/2

[Event "ISL-chT 0001"]
[Site "Reykjavik"]
[Date "2001.??.??"]
[Round "?"]
[White "Kristinsson, Jon"]
[Black "Bjornsson, Tomas"]
[Result "1-0"]
[WhiteElo "2335"]
[BlackElo "2259"]
[PlyCount "77"]
[EventDate "2000.11.17"]
[EventType "team"]
[EventRounds "7"]
[EventCountry "ISL"]
[SourceTitle "EXT 2002"]
[Source "ChessBase"]
[SourceDate "2001.11.25"]
[SourceVersion "1"]
[SourceVersionDate "2001.11.25"]
[SourceQuality "1"]

1. d4 d5 2. c4 c6 3. Nf3 Nf6 4. Nc3 dxc4 5. a4 Bf5 6. e3 e6 7. Bxc4 Nbd7 8. 0-0 Bd6 9. Qe2 Bg4 10. h3 Bxf3 11. Qxf3 0-0 12. e4 e5 13. d5 a5 14. Rd1 Qe7 15. Be3 c5 16. Nb5 Ne8 17. Bd3 b6 18. Qg4 Ndf6 19. Qf5 g6 20. Qg5 Nc7 21. Qh4 Rfc8 22. Bg5 Nce8 23. Nxd6 Qxd6 24. Bb5 Ra7 25. Re1 Nh5 26. Rad1 f6 27. Bh6 Rac7 28. b3 Rd8 29. Qg4 Nhg7 30. f4 Re7 31. fxe5 fxe5 32. Rf1 Nf6 33. Qh4 Rf8 34. Rf3 Ref7 35. Rdf1 Nfh5 36. Bg5 Nf4 37. Kh2 Nfh5 38. Be7 Rxf3 39. Rxf3 1-0